000 00301nam a2200121Ia 4500
008 220204s9999 xx 000 0 und d
082 _a595.42
_bADV.1
245 0 _aAdvances in acarology. V 01.
260 _aNew York
_bComstock
_c1963
650 _aAcarology
700 _aNaegele, John A
942 _cBK
999 _c19770
_d19770